| 000 | 00561nam a2200121Ia 4500 | ||
|---|---|---|---|
| 008 | 171212s9999 xx 000 0 und d | ||
| 100 | _aLeavy, Barbara Fass | ||
| 245 |
_cLeavy, Barbara Fass _aIn Search of the Swan Maiden _bA Narrative on Folklore and Gender |
||
| 260 |
_bNew York University Press _c1994 |
||
| 650 | _aLanguage & Literature | ||
| 650 | _aSwan maiden (Tale) -- History and criticism; Swan maiden (Tale) -- Classification; Women -- Folklore; Sex -- Folklore; Man-woman relationships -- Folklore | ||
| 856 | _uhttp://www.jstor.org/stable/j.ctt9qg995 | ||
| 999 |
_c351541 _d351541 |
||